000 00566nam a2200241 a 4500
001 nice12345678
003 IN_TiNIC
005 20260116011523.0
008 050524s1934 luca grp 000 0 eng
020 _a
_c100
082 0 0 _a297.24
_bHAI1
100 _aHaidari, L A
245 _aAl-Nabuwwat-Wa-Al Khilafat
260 _aLucknow
_bDarul Tasneef
_c1934
300 _a43p
500 _aincludes index and biblioraphy
505 2 _areference
650 _aIslam-Prophecy
700 1 _aHaidari, L A
902 _bSRS
942 _cBK
999 _c2264
_d2264